Statistics for Branches of Christianity, Islam, Buddhism and Hinduism

Click here to take the quiz!

General Stats

  • This quiz has been taken 1,053 times
    (505 since last reset)
  • The average score is 5 of 9

Answer Stats

ReligionFollowersDescriptionBranch% Correct
Christianity1 billionobedient to the Pope in RomeRoman Catholicism
99%
Christianity550 millionreject the authority of RomeProtestantism
95%
Christianity250 millionobedient to Patriarch of ConstantinopleOrthodox Church
93%
Islam950 millionaccept all four caliphs after MuhammadSunnism
93%
Islam120 millionbelieve Ali should have inherited directlyShi'ism
91%
Buddhism200 millionemphasize compassionMahayana
24%
Buddhism120 millionemphasize meditation and monasticismTheravada
24%
Hinduism230 millionview creator/destroyer god as paramountShaivism
13%
Hinduism580 millionview sustainer god as paramountVaishnavism
11%

Score Distribution

Percentile by Number Answered

Percent of People with Each Score

Your Score History

You have not taken this quiz since the last reset